[Event "CUB-ch 1/2 final"]
[Site "Villa Clara"]
[Date "1995.11.27"]
[Round "9"]
[White "Martinez, B"]
[Black "Li, M"]
[Result "0-1"]
[WhiteElo "2205"]
[BlackElo "2365"]

1. Nf3 c6 2. d4 Nf6 3. c4 d6 4. g3 Nbd7 5. Bg2 g6 6. O-O Bg7 7. Nc3 O-O 8.
e4 e5 9. dxe5 dxe5 10. Qc2 Qe7 11. Rd1 Nc5 12. Rb1 Ncxe4 13. b4 Nxc3 14.
Qxc3 Bf5 15. Bg5 Ne4 16. Bxe7 Nxc3 17. Bxf8 Bxb1 18. Bxg7 Nxd1 19. Bxe5
Bxa2 20. Bf1 a5 21. bxa5 Rxa5 22. Bd3 Bb3 23. Bd4 c5 0-1

[Event "CUB-ch 1/2 final"]
[Site "Villa Clara"]
[Date "1995.11.27"]
[Round "9"]
[White "Leyva, R"]
[Black "Nunez, An"]
[Result "1-0"]
[WhiteElo "2300"]
[BlackElo "2270"]

1. e4 e5 2. Nf3 Nc6 3. Bb5 a6 4. Ba4 Nf6 5. O-O Be7 6. Re1 b5 7. Bb3 d6 8.
c3 O-O 9. h3 Na5 10. Bc2 c5 11. d4 Qc7 12. d5 Nb7 13. Nbd2 c4 14. Nf1 Bd7
15. g4 h5 16. N3h2 hxg4 17. hxg4 Nh7 18. Ng3 Bg5 19. Bxg5 Nxg5 20. Kg2 g6
21. Qd2 f6 22. f4 exf4 23. Qxf4 Rae8 24. a4 bxa4 25. Bxa4 Nc5 26. Bc2 Qb8
27. Rab1 Re5 28. Rh1 Qc8 29. Rbf1 Kg7 30. Rf2 Ba4 31. Bxa4 Nxa4 32. Nf3 Nc5
33. Nf5+ gxf5 34. Nxg5 fxe4 35. Rh7+ Kg6 36. Nf7 Rg5 37. Qxf6+ Kxh7 38.
Nxg5+ 1-0

[Event "CUB-ch 1/2 final"]
[Site "Villa Clara"]
[Date "1995.11.27"]
[Round "9"]
[White "Garcia, Os"]
[Black "De la Paz, F"]
[Result "1-0"]
[WhiteElo "2345"]
[BlackElo "2330"]

1. e4 e5 2. Nf3 Nc6 3. Bc4 Bc5 4. c3 Nf6 5. d3 d6 6. b4 Bb6 7. a4 a6 8. O-O
Ne7 9. Bb3 Ng6 10. Nbd2 O-O 11. Nc4 Ba7 12. Be3 Be6 13. Bxa7 Rxa7 14. Re1
Nh5 15. Ne3 Nhf4 16. g3 Nh3+ 17. Kg2 Ng5 18. Ng1 Bxb3 19. Qxb3 Ne6 20. Nh3
a5 21. b5 Ne7 22. Rad1 Nc5 23. Qc2 Ne6 24. d4 exd4 25. cxd4 d5 26. f4 Qd7
27. f5 Nd8 28. e5 f6 29. e6 Qd6 30. Qc5 Qxc5 31. dxc5 c6 32. b6 Ra8 33. Nf4
g6 34. g4 h5 35. h3 hxg4 36. hxg4 g5 37. Nh5 Rc8 38. Rh1 Ra8 39. Rh3 Rc8
40. Rdh1 Ng6 41. fxg6 Nxe6 42. Nf5 1-0

[Event "CUB-ch 1/2 final"]
[Site "Villa Clara"]
[Date "1995.11.27"]
[Round "9"]
[White "Diaz, JC"]
[Black "Pecorelli Garcia, H"]
[Result "1-0"]
[WhiteElo "2435"]
[BlackElo "2400"]

1. e4 e6 2. d4 d5 3. Nc3 Bb4 4. e5 c5 5. Bd2 Nh6 6. Bd3 Nc6 7. Nf3 cxd4 8.
Ne2 Qa5 9. Nexd4 Bxd2+ 10. Qxd2 Qxd2+ 11. Kxd2 Ng4 12. Nxc6 bxc6 13. Rhf1
f6 14. Rae1 Ke7 15. h3 Nxe5 16. Nxe5 fxe5 17. Rxe5 Rb8 18. b3 Kd6 19. f4 h6
20. h4 Rf8 21. g3 Bd7 22. Rfe1 a5 23. Bf1 a4 24. Bh3 Rf6 25. Bf1 Rff8 26.
Bd3 axb3 27. axb3 Ra8 28. Bg6 Ra2 29. h5 Rf6 30. Rh1 Rf8 31. Rh4 Ra7 32.
Re1 c5 33. Rh2 Bb5 34. Rhh1 Ra2 35. Re5 Bd7 36. Rhe1 Rb8 37. Bf7 Rxb3 38.
Bxe6 Bc6 39. Bf7 Rxg3 40. R1e2 c4 41. Re7 c3+ 42. Ke1 Ra1+ 43. Kf2 Rag1 44.
R2e6+ Kc5 45. Rc7 R1g2+ 46. Kf1 Rg1+ 47. Kf2 R1g2+ 48. Kf1 1-0

[Event "CUB-ch 1/2 final"]
[Site "Villa Clara"]
[Date "1995.11.27"]
[Round "9"]
[White "Alvarez, J"]
[Black "Foyo, R"]
[Result "1/2-1/2"]
[WhiteElo "2390"]
[BlackElo "2260"]

1. d4 Nf6 2. g3 e6 3. Nf3 b6 4. c4 Bb4+ 5. Bd2 a5 6. Bg2 Ba6 7. Qc2 O-O 8.
O-O c6 9. Bf4 Be7 10. Rd1 d5 11. Ne5 Bb7 12. Nd2 Na6 13. Rac1 c5 14. dxc5
Bxc5 15. Bg5 h6 16. Bxf6 Qxf6 17. Ndf3 Rfd8 18. a3 Rac8 19. Qb1 a4 20. e3
Bd6 21. Ng4 Qe7 22. cxd5 Bxd5 23. e4 Bb3 24. Rxc8 Rxc8 25. Rc1 Rd8 26. Nd4
Qg5 27. h3 h5 28. Nf3 Qa5 29. Ne3 b5 30. Nd4 Qb6 31. Nxb3 axb3 32. Rd1 Be5
33. Rxd8+ Qxd8 34. Qd1 Qxd1+ 35. Nxd1 b4 36. axb4 Nxb4 37. Bf1 Nc6 38. Bc4
Na5 39. Be2 g6 40. Kf1 Kf8 41. Bb5 Ke7 42. Ke2 Bd4 43. f4 f6 44. Kd3 e5
1/2-1/2